000 00807nam a2200241 i 4500
001 179814
003 ES-MaACL
005 20250914151026.0
008 120126s2004 sp | |||| ||spa d
020 _a84-89794-93-6
080 _a821.134.2-14(082.2)
245 0 0 _aRomancero castellano :
_b(Cancionero de romances, Amberes, 1550) /
_c[edición de Carlos Clavería].
246 3 _aCancionero de romances, Amberes, 1550
260 _aMadrid :
_bFundación José Antonio de Castro,
_c[2004]
300 _aXXI, 605 p. ;
_c23 cm.
490 1 _aBiblioteca Castro
504 _aBibliografía: p. XVII-XVIII.
650 4 _aRomances-
_zEspaña.
_916935
700 1 _aClavería, Carlos,
_d1963-
_9149211
830 1 _aBiblioteca Castro
_9178957
852 4 _aES-MaACL
_jL-29794
999 _c179814
_d179814